LEADER 01080nam a2200241 u 4500 001 000000014165 003 CaOOAMICUS 005 20070226105731.0 008 940517s1967 fr u000 u fre u 035 $a10336954 040 $aPUL(R)$bita 100 1 $aCamus, Pierre-Marie.$0(OLS)http://pul/name/13173 245 10$aAmmien Marcellin :$btémoin des courants culturels et religieux a la fin du IVe siécle /$cpar Pierre-Marie Camus. 260 $aParis :$bBelles Lettres,$c1967. 300 $a286 p. ;$c20 cm 504 $aBibliografia: p. 281-286. 600 04$aAmmianus Marcellinus,$d330-395$tHistoriae$9(Ammianus Marcellinus, 330-395).$0(OLS)http://pul/subject/10015 850 $aPUL 852 $aPUL$W1$xSL Filosofia 1$y2$m108 C 33$j19906$nBK-PRI$b $qStampati$B19906$CPULBib$Z2$F19906 $H $81 941 1 $a8 961 $aINV: 38315 996 $6245$aAmmien Marcellin :$btémoin des courants culturels et religieux a la fin du IVe siécle$9(OLS)http://pul/title/20387 996 $6260$aParis :$bBelles Lettres$9(OLS)http://pul/publisher/48155 LEADER 01128nam a2200265 u 4500 001 000000062982 003 CaOOAMICUS 005 20070226121208.0 008 011016s1996 it u000 u ita u 020 $a8841254033 035 $a10906553 040 $aPUL(R)$bita 100 1 $aAlteriani, Fulvio.$0(OLS)http://pul/name/42816 245 10$aGuida alle filosofie orientali :$bconfucianesimo, taoismo, buddismo, zen, induismo, shintoismo ecc. /$cFulvio Alteriani. 260 $aMilano :$bG. De Vecchi,$cc1996. 300 $a255 p. ;$c24 cm 504 $aBibliografia: p. 245-250. 650 4$aReligioni orientali.$0(OLS)http://pul/subject/3496 850 $aPUL 852 $aPUL$W1$xSL Religione 1$y3$m70 A 110$j81784$nBK-PRI$b $qStampati$B81784$CPULBib$Z2$F81784 $H $81 941 1 $a8 961 $aINV: 76553 996 $6020$a8841254033$9(OLS)http://pul/number/81733 996 $6245$aGuida alle filosofie orientali :$bconfucianesimo, taoismo, buddismo, zen, induismo, shintoismo ecc.$9(OLS)http://pul/title/84011 996 $6260$aMilano :$bG. De Vecchi$9(OLS)http://pul/publisher/64350